000 00313nam a22001217a 4500
008 230621b xxu||||| |||| 00| 0 eng d
020 _a999167392x
082 _a328.30
_bNAM
245 _aHistorical Overview of the Namibian Parliament
260 _aNamibia
_bRepublic of Namibia
300 _a15p
942 _2ddc
_cBK
999 _c2334
_d2334